South Eastern Kenya University

Library Online Public Access Catalogue


Top 100 careers for college graduates : (Record no. 8765)

MARC details
000 -LEADER
fixed length control field 00691cam a2200181 a 4500
020 ## - INTERNATIONAL STANDARD BOOK NUMBER
International Standard Book Number 9781593573188 (alk. paper)
020 ## - INTERNATIONAL STANDARD BOOK NUMBER
International Standard Book Number 1593573189 (alk. paper)
050 00 - LIBRARY OF CONGRESS CALL NUMBER
Classification number HF 5382.5
Item number .U5F37 2007
100 1# - MAIN ENTRY--PERSONAL NAME
Personal name Farr, J. Michael.
245 10 - TITLE STATEMENT
Title Top 100 careers for college graduates :
Remainder of title your complete guidebook to major jobs in many fields /
Statement of responsibility, etc. Michael Farr.
250 ## - EDITION STATEMENT
Edition statement 7th ed.
260 ## - PUBLICATION, DISTRIBUTION, ETC. (IMPRINT)
Place of publication, distribution, etc. Indianapolis, IN :
Name of publisher, distributor, etc. JIST Works, an imprint of JIST Pub., Inc.,
Date of publication, distribution, etc. c2007.
300 ## - PHYSICAL DESCRIPTION
Extent vii, 424 p. :
500 ## - GENERAL NOTE
General note "Previous edition was titled America's Top 101 Jobs for College Graduates."
650 #0 - SUBJECT ADDED ENTRY--TOPICAL TERM
General subdivision Employment
856 41 - ELECTRONIC LOCATION AND ACCESS
Uniform Resource Identifier <a href="http://www.loc.gov/catdir/toc/ecip077/2006103060.html">http://www.loc.gov/catdir/toc/ecip077/2006103060.html</a>
942 ## - ADDED ENTRY ELEMENTS (KOHA)
Source of classification or shelving scheme Library of Congress Classification
Koha item type General circulation
Holdings
Withdrawn status Lost status Source of classification or shelving scheme Damaged status Not for loan Home library Current library Shelving location Date acquired Source of acquisition Total Checkouts Full call number Barcode Date last seen Price effective from Koha item type
    Library of Congress Classification     Main Campus Library Main Campus Library General Stacks 09/09/2015 Donatio-Books for Africa   HF 5382.5 .U5 F37 2007 2015/007538 09/09/2015 09/09/2015 General circulation
Kitui, Kenya.
+254736116989
library@seku.ac.ke